Telefonía sin hilos / (Record no. 28063)

MARC details
000 -LEADER
campo de control de longitud fija 00686nam a2200205 i 4500
001 - NÚMERO DE CONTROL
campo de control 28063
003 - IDENTIFICADOR DE NÚMERO DE CONTROL
campo de control ES-MaACL
005 - FECHA Y HORA DE LA ÚLTIMA TRANSACCIÓN
campo de control 20250901090458.0
007 - CAMPO FIJO DE DESCRIPCIÓN FÍSICA--INFORMACIÓN GENERAL
campo de control de longitud fija t|
008 - DATOS DE LONGITUD FIJA--INFORMACIÓN GENERAL
campo de control de longitud fija 030116s1925 sp |||| | spa d
100 1# - ENTRADA PRINCIPAL--NOMBRE DE PERSONA
Nombre de persona Bangay, R. D.
9 (RLIN) 25197
245 10 - MENCIÓN DEL TÍTULO
Título Telefonía sin hilos /
Mención de responsabilidad, etc. una sencilla explicación por R.D. Bangay ; traducción del inglés por José González-Hontoria y José Crespo.
260 ## - PUBLICACIÓN, DISTRIBUCIÓN, ETC.
Lugar de publicación, distribución, etc. Madrid :
Nombre del editor, distribuidor, etc. [s.n.,
Fecha de publicación, distribución, etc. 1925] (
Fabricante Suc. de Rivadeneyra)
300 ## - DESCRIPCIÓN FÍSICA
Extensión VIII, 134 p. ;
Dimensiones 18 cm.
650 #7 - PUNTO DE ACCESO ADICIONAL DE MATERIA--TÉRMINO DE MATERIA
Término de materia o nombre geográfico como elemento de entrada Radioteléfono
Fuente del encabezamiento o término embne
9 (RLIN) 136802
700 1# - ENTRADA AGREGADA--NOMBRE PERSONAL
Nombre de persona González-Hontoria, José.
9 (RLIN) 58719
700 1# - ENTRADA AGREGADA--NOMBRE PERSONAL
Nombre de persona Crespo, José.
9 (RLIN) 41523
852 ## - LOCALIZACIÓN
Ubicación ES-MaACL
Número de control de estantería F-1666
Holdings
Estatus retirado Estado de pérdida Estado de daño No para préstamo Biblioteca de origen Biblioteca actual Ubicación en estantería Fecha de adquisición Fuente de adquisición Total de préstamos Signatura topográfica completa Código de barras Visto por última vez Precio de reemplazo Tipo de ítem Koha
        Biblioteca del Ateneo de Madrid Biblioteca del Ateneo de Madrid Depósito 2 17/01/2008     F-1666 1028974 23/02/2023 23/02/2023 Libro impreso